000
00344nam a2200133Ia 4500
008
151001s9999||||xx |||||||||||||| ||und||
100
_a
इकबाल श्रीवास्तव
245
_a
ऐसे भी लोग
250
_a
1
260
_b
संभावना
260
_c
2003
300
_a
151
365
_b
21
999
_c
982213
_d
982210